000 00393nam a22001697a 4500
005 20160629163857.0
008 160629b xxu||||| |||| 00| 0 eng d
020 _a81-89757-20-2
041 _aeng
082 _b12797
100 _aSharma, Dr P.C
_93145
245 _aPower Plant Engineering
260 _bKatson
_c2012
300 _a722
650 _aDiploma Engineering
_9817
942 _cBK
999 _c4744
_d4742